Ichkeria Country Quiz - Statistics

General Stats
  • This quiz has been taken 10 times
  • The average score is 10 of 13
Answer Stats
Hint Answer % Correct
Mountain range the country is located at Caucasus
89%
First president of Ichkeria Dzhokhar Dudayev
89%
Country bordering Ichkeria in the south Georgia
89%
Religion practiced by the majority of the population Islam
89%
Country that Ichkeria is being occupied by right now Russia
89%
Country that recognized Ichkeria in 2022 Ukraine
89%
Animal on the emblem of Ichkeria Wolf
89%
City in which Chechen militants held people hostage in a school in 2004 Beslan
78%
President of Ichkeria now in-exile Akhmed Zakayev
67%
War in Ichkeria that lasted from 1994 to 1996 against Russia First Chechen War
67%
Country from which Ichkeria gained independence in 1991 Soviet Union
67%
Capital city Groznyy
56%
Planned currency of Ichkeria Chechen Naxar
22%
No matching quizzes found
Score Distribution
Percent of People with Each Score
Percentile by Number Answered
Your Score History
You have not taken this quiz